El clima del suroeste bonaerense /
Guardado en:
| Autor Principal: | |
|---|---|
| Autor Corporativo: | |
| Otros Autores: | , |
| Formato: | Libro |
| Idioma: | Spanish |
| Publicado: |
Bahía Blanca :
Universidad Nacional del Sur, Departamento de Geografía y Turismo,
2004.
|
| Edición: | 1a. ed. |
| Materias: | |
| Etiquetas: |
Agregar Etiqueta
Sin Etiquetas, Sea el primero en etiquetar este registro!
|
| LEADER | 00971nam a22002415a 4500 | ||
|---|---|---|---|
| 001 | EUN.eunm000658 | ||
| 005 | 20180423141156.0 | ||
| 008 | 050825s2004####ag#ab####b####000#0#spa#d | ||
| 020 | |a 9871171064 | ||
| 082 | 0 | 4 | |a 551.5982 |2 15 |
| 100 | 1 | |a Campo, Alicia María. | |
| 245 | 1 | 3 | |a El clima del suroeste bonaerense / |c Alicia M. Campo de Ferreras, Alicia M. Capelli de Steffens, Paula Gabriela Diez. |
| 250 | |a 1a. ed. | ||
| 260 | |a Bahía Blanca : |b Universidad Nacional del Sur, Departamento de Geografía y Turismo, |c 2004. | ||
| 300 | |a ii, 99 p. : |b il., mapas ; |c 25 cm. | ||
| 504 | |a Incluye referencias bibliográficas. | ||
| 650 | 7 | |a Clima. |2 unbist | |
| 651 | 0 | |a Bahía Blanca (Argentina) | |
| 653 | |a Buenos Aires (Argentina : Provincia) | ||
| 700 | 1 | |a Capelli de Steffens, Alicia M. | |
| 700 | 1 | |a Diez, Paula Gabriela. | |
| 710 | 2 | |a Universidad Nacional del Sur. |b Departamento de Geografía y Turismo. | |
| 859 | |a AR-BaUNS |b BIB. CENTRAL - Sector A |h 551.5982 |i C157 |p 115965/005 | ||
